Bulk solids handling: an introduction to the practice and technology
Uloženo v:
| Hlavní autoři: | , |
|---|---|
| Médium: | Kniha |
| Jazyk: | angličtina |
| Vydáno: |
Londres
Blackie Academic and Professional
1987
|
| Témata: | |
| Tagy: |
Přidat tag
Žádné tagy, Buďte první, kdo vytvoří štítek k tomuto záznamu!
|
MARC
| LEADER | 00000nam a2200000 a 4500 | ||
|---|---|---|---|
| 001 | UCR3744 | ||
| 003 | CL-VaPUC | ||
| 008 | 980130e19870000UK |||||||||||||||||eng|d | ||
| 082 | 0 | 4 | |a 620.11 |b WOO |2 21 |
| 100 | 0 | |a Woodcock, C. R |e author |9 402987 | |
| 700 | 0 | |a Mason, J. S |e author |9 402988 | |
| 245 | 1 | 0 | |a Bulk solids handling: an introduction to the practice and technology |
| 300 | |a 522 p | ||
| 942 | |c BK | ||
| 945 | |d 19980130 00:00:00 |a rleighto | ||
| 260 | |a Londres |b Blackie Academic and Professional |c 1987 | ||
| 650 | 0 | |a Sólidos |9 260188 | |
| 650 | 0 | |a Volumen |9 365448 | |
| 650 | 7 | |a DIMANICA DE FLUIDOS |2 CL-VaPUC |9 402989 | |
| 650 | 7 | |a MANEJO MECANICO |2 CL-VaPUC |9 402990 | |
| 650 | 7 | |a TRANSPORTE NEUMATICO |2 CL-VaPUC |9 402991 | |
| 650 | 0 | |a Transporte hidráulico |9 259357 | |
| 583 | |a last modification |c 19980130 00:00:00 |k Rodrigo Vera | ||
| 999 | |c 266778 |d 266776 | ||
| 952 | |0 0 |1 0 |4 0 |6 620_110000000000000_WOO_1987 |7 0 |8 A |9 298687 |a BIBALI |b BIBALI |c GEN |d 2019-11-20 |i 3392775 |o 620.11 WOO 1987 |p 3392775 |r 2025-01-20 |w 2019-11-20 |y BK |k ALI | ||